000 00655nam a2200205Ia 4500
003 GCL
008 140319s9999 xx 000 0 ara d
040 _aGCL /
_cGCL
082 0 4 _a892.76
_bن ج
100 1 _aنجيب محفوظ
245 1 0 _aخمارة القط الاسود (بالايطالية) /
_cنجيب محفوظ
260 _a[S.N] :
_bالجامعة الامريكية بالقاهرة ،
_c1993
300 _a207 ص
490 _a
650 0 4 _aالادب العربى
650 0 4 _aالقصة العربية
650 0 4 _aنجيب محفوظ
650 0 4 _aخمارة القط الاسود (بالايطالية)
942 _2ddc
_cBK
999 _c33581
_d33581